| 000 | 01203cam a2200313 a 4500 | ||
|---|---|---|---|
| 001 | 466 | ||
| 005 | 20240626101147.0 | ||
| 020 | _a9781599901695 (alk. paper) | ||
| 020 | _a1599901692 (alk. paper) | ||
| 020 | _a9781599901923 (reinforced bdg.) | ||
| 020 | _a1599901927 (reinforced bdg.) | ||
| 040 |
_aDLC _cDLC _dDLC |
||
| 050 | 0 | 0 |
_aPZ8.3.L487 _bMar 2008 |
| 082 | 0 | 0 |
_a813.6 _222 |
| 100 | 1 | _aLechner, Jack. | |
| 245 | 1 | 0 |
_aMary had a little lamp / _cby Jack Lechner ; illustrated by Bob Staake. |
| 260 |
_aNew York : _bBloomsbury Children's Books : _c2008. |
||
| 300 |
_a29 unnumbered pages : _bcolor illustrations ; _c26 cm |
||
| 505 | _aK | ||
| 520 | _aMary takes her "bendy," gooseneck lamp wherever she goes, much to the dismay of her parents and classmates, but after leaving it at home during summer camp, Mary finds that she has outgrown her need for her odd companion. | ||
| 521 |
_a510
_bLexile AD |
||
| 521 |
_aK
_bRaz-Plus |
||
| 650 | 1 |
_aLamps _vFiction. |
|
| 650 | 1 |
_aSecurity (Psychology) _vFiction. |
|
| 650 | 1 | _aStories in rhyme. | |
| 700 | 1 |
_aStaake, Bob, _d1957- _eillustrator |
|
| 906 |
_a7 _bcbc _corignew _d1 _eecip _f20 _gy-gencatlg |
||
| 942 |
_2ddc _cBK _n0 |
||
| 999 |
_c466 _d466 |
||